| 000 | 00433nam a2200181Ia 4500 | ||
|---|---|---|---|
| 001 | 18539 | ||
| 005 | 20260306171638.0 | ||
| 008 | 260306s9999||||xx |||||||||||||| ||und|| | ||
| 041 | _aESP | ||
| 082 |
_a658.408 _bC25I |
||
| 100 |
_aCanessa Illich, Giuliana _eAUT |
||
| 245 | 0 | _aIndicadores de RSE Perú 2021 | |
| 260 | _c2006 | ||
| 300 |
_a75 páginas : _c28 cm. |
||
| 650 | _aGEN | ||
| 654 | _aCAN | ||
| 942 |
_cLIB _dJUS _fJUS _2ddc _n |
||
| 999 |
_c18539 _d18539 |
||